000 00397nam a2200145 a 4500
001 000034819
005 20200930073926.0
008 111020s1956 fr 000 0 spa d
040 _aDO-SdBNP
_bfr
_cBNPHU
100 1 _aRolland, Romainl
_960338
245 1 0 _aJean-Christophe /
_cRomain Rolland.
260 _aParis :
_bÉditions Albin Michel,
_c1956.
300 _a1607 p. ;
_c19 cm.
049 _aBNPD
999 _c34310
_d34310